Word Ladder: Monarchy Quiz Stats

 Plays Quiz Updated Dec 28, 2014

Challenge
Share
Tweet
Embed
Score 0/23 Timer 02:00
1 Play Today
Hint 4-Letter Word % Correct
♕ Male monarch ♕♕KING♕
98.6%
Circular bandRING
94.5%
Perry or SkywalkerLUKE
94.1%
Large inland body of waterLAKE
93.9%
Ladder stepRUNG
93%
Piece of wood used for magicWAND
91.3%
Opposite of seaLAND
91.1%
Strip of roadwayLANE
88.9%
Bungee or umbilicalCORD
88.5%
Queen of hearts, for exampleCARD
86.7%
♕ To exercise authority over ♕♕RULE♕
84.9%
Sad drop from the eyeTEAR
84.2%
Hint 4-Letter Word % Correct
♕ Like William of Cambridge ♕ ♕DUKE♕
84%
♕ Proprietor of a manor ♕♕LORD♕
82%
Element with symbol PbLEAD
81.3%
♕ Mad Shakespearean king ♕♕LEAR♕
81.1%
Pixar movieCARS
80.4%
♕ ____ of the Roses ♕♕WARS♕
78.9%
Germanic alphabet characterRUNE
78%
What's being carriedLOAD
76.5%
Administrative divisionWARD
75.7%
♕ Russian ruler, pre-1917 ♕♕TSAR♕
71.8%
Actor and tap dancer HillDULÉ
70.3%

Today's Daily Dose

You're not logged in!

Compare scores with friends on all Sporcle quizzes.
OR
Log In

You Might Also Like...

Show Comments

Extras

Top Quizzes Today


Score Distribution

Your Account Isn't Verified!

In order to create a playlist on Sporcle, you need to verify the email address you used during registration. Go to your Sporcle Settings to finish the process.

Report this User

Report this user for behavior that violates our Community Guidelines.

Details: